| 000 | 00399pam a2200145 a 4500 | ||
|---|---|---|---|
| 020 |
_a9788126524877 _c |
||
| 041 | _h | ||
| 082 |
_a004.16 _bHUR/BLO |
||
| 100 |
_aHarwitz J., _eAuthor. |
||
| 245 |
_aCloud Computing for Dummies _hTextual Documents |
||
| 260 |
_aNew Delhi _bWiley India Pvt. Ltd., _c2011 |
||
| 300 |
_a216: _c22*14. |
||
| 700 |
_aHalper F, _eAuthor. _aBloor R, _eAuthor. |
||
| 930 | _a14648 | ||
| 999 |
_c57870 _d57870 |
||